Поверхностные свойства оксидной кремний-циркониевой системы; Химия и химическая технология в XXI веке

Manylion Llyfryddiaeth
Parent link:Химия и химическая технология в XXI веке.— 2001.— [С. 18]
Prif Awdur: Иконникова К. В. Ксения Владимировна
Awduron Eraill: Козик В. В. Владимир Васильевич (научный руководитель)
Crynodeb:Заглавие с титульного листа
Электронная версия печатной публикации
Iaith:Rwseg
Cyhoeddwyd: 2001
Cyfres:Химия и химическая технология неорганических материалов
Pynciau:
Mynediad Ar-lein:http://www.lib.tpu.ru/fulltext/m/2002/m6.pdf#page=18
Fformat: Electronig Pennod Llyfr
KOHA link:https://koha.lib.tpu.ru/cgi-bin/koha/opac-detail.pl?biblionumber=284154

MARC

LEADER 00000nla2a2200000 4500
001 284154
005 20231031233610.0
035 |a (RuTPU)RU\TPU\book\308293 
090 |a 284154 
100 |a 20150212d2000 k y0rusy50 ca 
101 0 |a rus 
102 |a RU 
135 |a drnn ---uucaa 
181 0 |a i  
182 0 |a b 
200 1 |a Поверхностные свойства оксидной кремний-циркониевой системы  |b Электронный ресурс  |f К. В. Иконникова  |g науч. рук. В. В. Козик 
203 |a Текст  |c электронный 
215 |a 1 файл (854 Kb) 
225 1 |a Химия и химическая технология неорганических материалов 
230 |a Электронные текстовые данные (1 файл : 854 Kb) 
300 |a Заглавие с титульного листа 
300 |a Электронная версия печатной публикации 
337 |a Adobe Reader 
463 1 |0 (RuTPU)RU\TPU\book\40370  |t Химия и химическая технология в XXI веке  |o материалы II региональной студенческой научно-практической конференции, 15-16 мая 2001 г., Томск  |f Томский политехнический университет. Химико-технологический факультет  |v [С. 18]  |d 2001 
610 1 |a электронный ресурс 
610 1 |a труды учёных ТПУ 
610 1 |a поверхностные свойства 
610 1 |a кремний 
610 1 |a цирконий 
700 1 |a Иконникова  |b К. В.  |c химик  |c заведующий лабораторией Томского политехнического университета, кандидат химических наук  |f 1979-  |g Ксения Владимировна  |2 stltpush  |3 (RuTPU)RU\TPU\pers\29007 
702 1 |a Козик  |b В. В.  |c химик-технолог  |c профессор-консультант Юргинского технологического института Томского политехнического университета  |g Владимир Васильевич  |2 stltpush  |3 (RuTPU)RU\TPU\pers\31583  |4 727 
801 1 |a RU  |b 63413507  |c 20120118 
801 2 |a RU  |b 63413507  |c 20150302  |g RCR 
856 4 |u http://www.lib.tpu.ru/fulltext/m/2002/m6.pdf#page=18 
942 |c CF